Reforma trhu s vínom a perspektívy vývoja európskeho a slovenského sektora vinárstva a vinohradníctva

Vinárstvo na Slovensku od 90. rokov minulého storočia. Klimatické podmienky - vplyv na kvalitu hrozna. Faktory ovplyvňujúce trh s vínom. Reforma trhu s vínom a jej dôsledky.

Salvato in:
Dettagli Bibliografici
Autore principale: Bocora, Ján
Natura: Capitolo di libro
Lingua:slovacco
Soggetti:
Tags: Aggiungi Tag
Nessun Tag, puoi essere il primo ad aggiungerne!!

MARC

LEADER 00000naa a2200000 4500
001 0127297
005 20240502072442.2
041 0 |a slo 
044 |a SK 
245 1 0 |a Reforma trhu s vínom a perspektívy vývoja európskeho a slovenského sektora vinárstva a vinohradníctva  |c Ján Bocora 
520 |a Vinárstvo na Slovensku od 90. rokov minulého storočia. Klimatické podmienky - vplyv na kvalitu hrozna. Faktory ovplyvňujúce trh s vínom. Reforma trhu s vínom a jej dôsledky. 
610 2 0 |a víno 
610 2 0 |a vinohradníctvo 
610 2 0 |a trh 
610 2 0 |a reformy 
610 2 0 |a Európska únia 
100 1 |a Bocora, Ján